| 000 | 00669nam a22001937a 4500 | ||
|---|---|---|---|
| 008 | 161012b xxu||||| |||| 00| 0 eng d | ||
| 020 | _a971030402x | ||
| 082 |
_22002 _aDFil 371.33 _bK13 |
||
| 100 |
_915982 _aKhanser, Marites A. |
||
| 245 |
_aE-class: _ba journey into the world of virtual learning/ _cMarites A. Khanser |
||
| 260 |
_aDavao City: _bKhanser Publishing House, _cc2002. |
||
| 300 |
_a144 pages; _c23 cm. |
||
| 500 | _aIncludes appendix and bibliographical references. | ||
| 650 | 0 |
_915983 _aE-learning |
|
| 650 | 0 |
_915984 _aInternet in education |
|
| 650 | 0 |
_915986 _aEducation _xComputer network resources. |
|
| 365 |
_b200.00 _cPhp. |
||
| 942 |
_2ddc _cDFIL |
||
| 999 |
_c5139 _d5139 |
||